Pandit Deendayal Upadhyaya: ideology and perception (Record no. 17730)

MARC details
000 -LEADER
fixed length control field 00920nam a2200145Ia 4500
082 ## - DEWEY DECIMAL CLASSIFICATION NUMBER
Classification number 954.04092 NEN-P
100 ## - MAIN ENTRY--AUTHOR NAME
Personal name Thengadi, D.B.
245 #0 - TITLE STATEMENT
Title Pandit Deendayal Upadhyaya: ideology and perception
260 ## - PUBLICATION, DISTRIBUTION, ETC. (IMPRINT)
Place of publication New Delhi
Name of publisher Suruchi Prakashan
Year of publication 2014
500 ## - GENERAL NOTE
General note contents: 7 Vols. v1. (An inquest a preface by D.B.Thengadi),(240p.),(978-93-81500-76-6) - v.2 (Integral humanism by V.V.Nene),(94p.),(978-93-81500-77-4) - v.3 (Political thought by B.K.Klekar), (149p.),(978-93-81500-78-1) - v.4 (Integral economic policy by Sharad Anant Kulkarni), (147p.),(978-93-81500-79-8) v.5 (Concept of the rashtra by C.P.Bhishikar),(189p.) (978-93-81500-80-4) v.6 (Politics for nation's sake by B.N.Jog),(150p.),(978-93-81500-81-1) v.7 (A profile by V.N.Deodhar),(105p.),(978-93-81500-82-8)
650 ## - SUBJECT ADDED ENTRY--TOPICAL TERM
Topical Term History
Geographic subdivision India
650 ## - SUBJECT ADDED ENTRY--TOPICAL TERM
Topical Term Biography
Form subdivision Upadhyay Deendayal
Geographic subdivision 1916-68
650 ## - SUBJECT ADDED ENTRY--TOPICAL TERM
Topical Term Jansangh
Form subdivision Political party
942 ## - ADDED ENTRY ELEMENTS (KOHA)
Koha item type Books
Source of classification or shelving scheme Dewey Decimal Classification
Holdings
Withdrawn status Lost status Damaged status Not for loan Home library Current library Date acquired Source of acquisition Serial Enumeration / chronology Bill Date Full call number Accession Number Price effective from Koha item type
        NASSDOC Library NASSDOC Library 20/12/2017 OP Pt.1 2017-12-06 954.04092 NEN-P 49520 18/04/2019 Books
        NASSDOC Library NASSDOC Library 20/12/2017 OP Pt.2 2017-12-06 954.04092 NEN-P 49521 18/04/2019 Books
        NASSDOC Library NASSDOC Library 20/12/2017 OP Pt.3 2017-12-06 954.04092 NEN-P 49522 18/04/2019 Books
        NASSDOC Library NASSDOC Library 20/12/2017 OP Pt.4 2017-12-06 954.04092 NEN-P 49523 18/04/2019 Books
        NASSDOC Library NASSDOC Library 20/12/2017 OP Pt.5 2017-12-06 954.04092 NEN-P 49524 18/04/2019 Books
        NASSDOC Library NASSDOC Library 20/12/2017 OP Pt.6 2017-12-06 954.04092 NEN-P 49525 18/04/2019 Books
        NASSDOC Library NASSDOC Library 20/12/2017 OP Pt.7 2017-12-06 954.04092 NEN-P 49526 18/04/2019 Books